Normal view MARC view
  • Vara, Mariano,

Entry Nombre Personal

Number of records used in: 1

001 - NUMERO DE CONTROL

  • campo de control: 34444

003 - IDENTIFICADOR DE NUMERO DE CONTROL

  • campo de control: UPN

005 - FECHA Y HORA DE LA ÜLTIMA TRANSACCIÓN

  • campo de control: 20210219194453.0

008 - DATOS DE LONGITUD FIJA

  • campo de control de longitud fija: nabaccnnaabn|||||||||| b |nc|||||d

035 ## - NUMERO DE CONTROL

  • Número de control: UPN11000006551

040 ## - FUENTE DE CATALOGACIÓN

  • Lenguaje de catalogación: SPA
  • Agencia de transcripción: UPN

053 #4 - NÚMERO DE CLASIFICACIÓN LC

  • Número de clasificación elemento-número único o número inicial de tramo: PQ6672 A7.2

100 1# - ENCABEZAMIENTO - NOMBRE PERSONAL

  • Nombre personal: Vara, Mariano,
  • Fechas asociadas con el nombre: 1955-

670 ## - FUENTE EN LA QUE SE LOCALIZARON DATOS

  • Cita de la fuente: T
  • Uniform Resource Identifier: http://www.lecturalia.com/autor/11627/mariano-vara

680 ## - NOTA PUBLICA DE ACCESO PÚBLICO

  • Frase explicativa de la referencia: Escritor español, es conocido por sus libros dedicados a un público infantil y juvenil. Diplomado en Arte Dramático, también ha trabajado como periodista para Televisión Española.

902 ## - CATALOGADOR

  • Catalogador: MITM/251113